Sports Quiz

Random Sports or Tennis Quiz
Score 0/200 Timer 15:00
0 Plays Today
Country Player % Correct
SpainRafael Nadal
98.6%
SwitzerlandRoger Federer
90.4%
FranceJo-Wilfried Tsonga
88.4%
SpainDavid Ferrer
87.1%
ArgentinaJuan Martin Del Potro
85.6%
SerbiaNovak Djokovic
84.3%
United KingdomAndy Murray
83.5%
FranceGilles Simon
83.3%
USABrian Baker
77.1%
AustraliaLleyton Hewitt
76.6%
SwitzerlandStanislas Wawrinka
73.7%
FranceRichard Gasquet
73.5%
RussiaNikolay Davydenko
73.4%
CroatiaMarin Cilic
73.4%
SpainMarcel Granollers
72.2%
USAJohn Isner
71.7%
Czech RepublicTomas Berdych
70%
USASam Querrey
68.5%
SpainTommy Robredo
67.3%
BulgariaGrigor Dimitrov
66.9%
USAMardy Fish
66%
SpainNicolas Almagro
64.3%
GermanyPhilipp Kohlschreiber
60.6%
GermanyTommy Haas
59.8%
AustriaJurgen Melzer
58.6%
SerbiaJanko Tipsarevic
58.5%
Czech RepublicRadek Stepanek
57.8%
RussiaMikhail Youzhny
55.3%
MexicoCesar Ramirez
55.3%
SwedenPatrik Rosenholm
54.5%
ChileJuan Carlos Saez
54.2%
CroatiaIvo Karlovic
53.2%
SerbiaViktor Troicki
53%
ArgentinaJuan Monaco
51.3%
ArgentinaCarlos Berlocq
49.9%
ItalyAndreas Seppi
49.7%
USARyan Harrison
49%
FranceBenoit Paire
47.7%
BrazilThomaz Bellucci
47.6%
SlovakiaKarol Beck
46.9%
GermanyFlorian Mayer
46.3%
BelgiumOlivier Rochus
46.3%
CroatiaNikola Mektic
46.1%
TaiwanYen-Hsun Lu
45.3%
FranceJeremy Chardy
44.5%
BelgiumRuben Bemelmans
44%
ItalyFabio Fognini
43.7%
BelgiumXavier Malisse
42.4%
RomaniaVictor Hanescu
42.4%
NetherlandsThiemo De Bakker
40.2%
GermanyTobias Kamke
40.1%
JapanKei Nishikori
39.5%
RussiaDmitry Tursunov
38.2%
ItalySimone Bolelli
36.6%
South AfricaKevin Anderson
36%
NetherlandsRobin Haase
35.7%
UkraineAleksandr Dolgopolov
35.6%
CanadaMilos Raonic
33.8%
ColombiaRobert Farah
32.5%
ColombiaAlejandro Falla
32.3%
SwitzerlandMarco Chiudinelli
31.6%
UkraineSergiy Stakhovsky
31.2%
PolandLukasz Kubot
30.6%
ItalyFilippo Volandri
30.3%
United KingdomAlex Bogdanovic
28.8%
Bosnia and HerzegovinaDamir Dzumhur
28.7%
ChileGuillermo Rivera-Aranguiz
28.6%
Country Player % Correct
AustriaGerald Melzer
28.4%
AustraliaBernard Tomic
28.2%
BelgiumSteve Darcis
28%
ArgentinaLeonardo Mayer
27.6%
PortugalFrederico Gil
27.3%
IndiaSomdev Devvarman
26.9%
CanadaFrank Dancevic
26.8%
United KingdomJames Ward
26.5%
CroatiaAntonio Veic
25.2%
ColombiaSantiago Giraldo
24.9%
EcuadorJuan-Sebastian Vivanco
23.5%
CroatiaIvan Dodig
23.1%
EcuadorRoberto Quiroz
23.1%
South KoreaJung-Woong Na
22.7%
BelgiumDavid Goffin
22.5%
South KoreaHyun-Woo Nam
22.5%
JapanGo Soeda
21.6%
KazakhstanAndrey Golubev
21.6%
ArgentinaHoracio Zeballos
21.5%
TaiwanLiang-Chi Huang
21.4%
AustraliaMatthew Ebden
21.1%
RussiaAndrey Kuznetsov
20.8%
SlovakiaAndrej Martin
20.7%
PolandJerzy Janowicz
20.1%
Czech RepublicLukas Rosol
19.6%
GermanyDaniel Brands
19.1%
BrazilJoao Souza
19.1%
ChinaZhe Li
19%
AustriaAndreas Haider-Maurer
18.6%
CanadaVasek Pospisil
18.4%
SwedenRobin Olin
18.3%
SlovakiaLukas Lacko
17.8%
PortugalJoao Sousa
17.5%
PortugalPedro Sousa
17.4%
PortugalRui Machado
17.1%
South AfricaRuan Roelofse
16.7%
ChilePaul Capdeville
16.6%
United KingdomJamie Baker
16.4%
AustriaDominic Thiem
16.3%
ColombiaAlejandro Gonzalez
16.2%
RussiaEvgeny Donskoy
15.9%
AustraliaJohn Millman
15.6%
AustraliaMarinko Matosevic
15.5%
SloveniaBlaz Kavcic
15.5%
Bosnia and HerzegovinaMirza Basic
15.5%
BrazilGuilherme Clezar
15.4%
NetherlandsJesse Huta Galung
15.4%
JapanTatsuma Ito
15.4%
KazakhstanMikhail Kukushkin
15.4%
SlovakiaMartin Klizan
15.2%
SwitzerlandHenri Laaksonen
15%
NetherlandsIgor Sijsling
14.7%
SerbiaDusan Lajovic
14.6%
ItalyPaolo Lorenzi
14.2%
CanadaPeter Polansky
14.2%
Czech RepublicJan Hajek
14%
UkraineIllya Marchenko
13.9%
South AfricaRik De Voest
13.7%
Czech RepublicJiri Vesely
13.2%
UkraineOleksandr Nedovyesov
12.6%
SloveniaGrega Zemlja
12.1%
ChinaZe Zhang
11.3%
BrazilRogerio Dutra Silva
11%
JapanHiroki Moriya
11%
RomaniaAdrian Ungur
10.9%
RomaniaVictor Crivoi
10.8%
ChinaDi Wu
10.4%
Country Player % Correct
South KoreaSuk-Young Jeong
10.3%
United KingdomJosh Goodall
10.1%
SwedenAndreas Vinciguerra
10.1%
BrazilThiago Alves
10%
BelarusUladzimir Ignatik
9.9%
SloveniaAljaz Bedene
9.9%
IndiaYuki Bhambri
9.6%
SwitzerlandSandro Ehrat
9.5%
NetherlandsBoy Westerhof
9.4%
South AfricaIzak Van Der Merwe
9.1%
ChileHans Podlipnik-Castillo
9%
TaiwanJimmy Wang
8.9%
New ZealandMichael Venus
8.8%
PolandMichal Przysiezny
8.8%
PortugalGastao Elias
8.4%
SerbiaBoris Pashanski
8.2%
EcuadorEmilio Gomez
8%
AustriaMartin Fischer
7.9%
CanadaJesse Levine
7.9%
JapanYuichi Sugita
7.8%
New ZealandJose Statham
7.7%
KazakhstanEvgeny Korolev
7.4%
IndiaSanam Singh
7.3%
ChinaYu Chang
6.9%
TaiwanTsung-Hua Yang
6.8%
RomaniaMarius Copil
6.7%
MexicoMiguel Angel Reyes-Varela
6.4%
TaiwanTi Chen
6.4%
SwedenChristian Lindell
6.3%
UkraineIvan Sergeyev
5.9%
South KoreaJi Sing Nam
5.8%
SloveniaLuka Gregorc
5.7%
SwedenMarkus Eriksson
5.5%
ChinaMao-Xin Gong
5.4%
ChileJorge Aguilar
5.3%
SloveniaBlaz Rola
5.2%
MexicoDaniel Garza
5.1%
SlovakiaJozef Kovalik
5%
Bosnia and HerzegovinaAldin Setkic
5%
IndiaN.Sriram Balaji
4.9%
South AfricaFritz Wolmarans
4.9%
IndiaVishnu Vardhan
4.8%
PolandGrzegorz Panfil
4.8%
ColombiaNicolas Barrientos
4.5%
BelarusAlexander Bury
4.4%
New ZealandDaniel King-Turner
4.4%
Bosnia and HerzegovinaTomislav Brkic
4.4%
South KoreaYong-Kyu Lim
4.3%
RomaniaPetru-Alexandru Luncanu
4.2%
MexicoMiguel Gallardo-Valles
4.2%
PolandMarcin Gawron
3.9%
New ZealandArtem Sitak
3.9%
MexicoLuis Diaz-Barriga
3.8%
EcuadorJulio Cesar Campozano
3.7%
EcuadorIvan Endara
3.7%
KazakhstanYuri Schukin
3.4%
BulgariaTihomir Grozdanov
3.3%
BelarusDzmitry Zhyrmont
2.8%
BulgariaValentin Dimov
2.8%
BulgariaDimitar Kuzmanov
2.8%
BulgariaAlexander Lazov
2.8%
BelarusEgor Gerasimov
2.2%
New ZealandMarcus Daniell
2.2%
KazakhstanDenis Yevseyev
1.2%
BelarusSergei Betau
1.1%
Bosnia and HerzegovinaIsmar Gorcic
1.1%

You're not logged in!

Compare scores with friends on all Sporcle quizzes.
OR
Log In

Sporcle TV

Today on Sporcle TV


Watch our educational content, quiz creation guides, and fun videos on Sporcle TV.

Show Comments

Extras

Top Quizzes Today


Score Distribution

Paid Content

Your Account Isn't Verified!

In order to create a playlist on Sporcle, you need to verify the email address you used during registration. Go to your Sporcle Settings to finish the process.

Report this User

Report this user for behavior that violates our Community Guidelines.

Details: